"Say, Brothers" Lyrics - Statistics

General Stats
  • This quiz has been taken 4 times
  • The average score is 6 of 9
Answer Stats
Lyric % Correct
By the {grace} of God we'll meet you,
100%
Glory, glory, {hallelujah}!
100%
{Jesus} lives and reigns forever!
100%
Say, brothers, will you {meet} us?
67%
We'll shout and give Him {glory},
67%
Forever, {evermore}!
33%
for His glory is His {own}!
33%
On {Caanan}'s happy shore!
33%
where {parting} is no more!
33%
No matching quizzes found
Score Distribution
Percent of People with Each Score
Percentile by Number Answered
Your Score History
You have not taken this quiz